| 000 | 00389nam a2200145Ia 4500 | ||
|---|---|---|---|
| 005 | 20250406053530.0 | ||
| 008 | 240331s9999 xx 000 0 und d | ||
| 082 |
_bSIL _a894 |
||
| 245 | 0 | _aSillayoor selvarajan kavithaikal | |
| 260 |
_aIlankai _bAthisayan Pathippakam _c1997 |
||
| 300 | _a198 p ., | ||
| 500 | _aAn Anthology of Selected Poems | ||
| 700 |
_aSelvarajan, K. _eedt |
||
| 942 | _cL | ||
| 999 |
_c3768 _d3768 |
||